000
00290nam a2200109Ia 4500
008
210430s9999 xx 000 0 und d
082
_a
985 M236M
100
_a
Brig S. K. Malik
_9
54624
245
4
_a
The Muslim COnquest Of Central Asia
_c
Brig S. K. Malik
300
_a
118
942
_c
BK
_2
ddc
999
_c
565258
_d
565258